banner-ar

دراسات فى الاثار السلجوقية فى بلاد الاناضول / (Record no. 67000)

MARC details
000 -الفاتح
حقل البيانات ثابتة الطول 00912nam a2200229 4500
005 - وقت وتاريخ اخر تعامل مع التسجيلة
رقم الضبط 20240530110951.0
008 - عناصر البيانات ثابتة الطول - معلومات عامة
حقل البيانات ثابتة الطول 221214s2021 ua ah f b 00| 0 ara d
017 ## - رقم الايداع القانونى
رقم الايداع القانونى 21780
المصدر ( الهيئة المختصة) مصر. دار الكتب
020 ## - الرقم الدولى المعيارى للكتب
الرقم الدولى المعيارى للكتاب 9789778580624
040 ## - مصدر الفهرسة
وكالة الفهرسة الأصلية EG-CaGPL
وكالة النسخ EG-CaGPL
082 04 - رقم تصنيف ديوى العشرى
رقم الطبعة 21
رقم التصنيف 723.3
رقم المادة ف د
100 0# - المدخل الرئيسى - إسم شخصى
الإسم الشخصى فهيم فتحى ابراهيم حجازى
245 10 - بيان العنوان
العنوان دراسات فى الاثار السلجوقية فى بلاد الاناضول /
بيان المسئوليه,etc فهيم فتحى ابراهيم حجازى
250 ## - بيان الطبعة
بيان الطبعة ط 1
260 ## - PUBLICATION, DISTRIBUTION, ETC. (IMPRINT)
تاريخ النشر أو التوزيع 2021.
300 ## - الوصف المادى
التعداد 2 جزء :
تفاصيل ماديه اخرى للوعاء ايض ؛
أبعاد الوعاء 24 سم.
504 ## - تبصرة ببليوجرافية
تبصرة ببليوجرافية,الخ يشتمل على ارجاعات ببليوجرافية
650 07 - المدخل الاضافى بالموضوع-مصطلح موضوعى
مصدر الرأس أو المصطلح qrmak
مصطلح موضوعي السلاجقة
التقسيم الفرعي العام اثار
651 07 - المدخل الاضافى بالموضوع - اسم جغرافى
مصدر الرأس أو المصطلح qrmak
الاسم الجغرافي الدولة السلجوقية
التقسيم الفرعي العام اثار
942 ## - عناصر المدخل الإضافي( كوها)
مصدر التصنيف او مخطط الترفيف Dewey Decimal Classification
Koha [default] item type كتاب
260 ## - PUBLICATION, DISTRIBUTION, ETC. (IMPRINT)
-- القاهرة :
-- دار العلا للنشر والتوزيع،
Holdings
حالة التراجع حالة الفقد حالة تلف ليس للاعارة المكان المؤقت الموقع الحالى موقع الترفيف تاريخ الاكتساب اجمالي اﻻعارات رقم الطلب الباركود تاريخ اخر مشاهدة تاريخ تفعيل السعر نوع وعاء كوها
        مكتبة القاهرة الكبرى مكتبة القاهرة الكبرى   12/14/2022   723.3 ف د 169019 12/14/2022 12/14/2022 كتاب
        مكتبة القاهرة الكبرى مكتبة القاهرة الكبرى   12/14/2022   723.3 ف د 169020 12/14/2022 12/14/2022 كتاب

Powered By

EGPV